000 00465 a2200169 4500
003 OSt
005 20231218154553.0
008 231218b |||||||| |||| 00| 0 eng d
020 _a9789350726051
040 _coclc
082 _a89143
_bSET/J
100 _aSeth, Rajee
_910175
245 _aJAHAN SE UJAS /
_cRajee Seth
260 _aNew Delhi:
_bVani Prakashan,
_c2013.
300 _a147p
942 _2ddc
_cBK
_h891.43
_iSET/J
_k891.43
_mSET/J
999 _c43487
_d43487